UBT Library

Bond markets, analysis and strategies / (Record no. 1325)

000 -LEADER
fixed length control field 00580nam a22001937a 4500
008 - FIXED-LENGTH DATA ELEMENTS--GENERAL INFORMATION
fixed length control field 151021b xxu||||| |||| 00| 0 eng d
020 ## - INTERNATIONAL STANDARD BOOK NUMBER
International Standard Book Number 013079922X
041 0# - LANGUAGE CODE
Language code of text/sound track or separate title eng
080 ## - UNIVERSAL DECIMAL CLASSIFICATION NUMBER
Universal Decimal Classification number 336.33
100 1# - Rafti
Rafti Fabozzi, Frank J.
245 10 - TITLE STATEMENT
Title Bond markets, analysis and strategies /
Statement of responsibility, etc Frank J. Fabozzi & T. Dessa Fabozzi.
260 ## -
-- Englewood Cliffs, N.J. :
-- Prentice Hall,
-- 1989.
300 ## -
-- xix, 347 f. :
-- me il.;
-- 24 cm.
650 #0 -
-- Obligacionet
650 #0 -
-- Analiza e investimeve
650 #0 -
-- Menaxhimi i portfolios
700 1# -
-- Fabozzi, T. Dessa,
942 ## - ADDED ENTRY ELEMENTS (KOHA)
Source of classification or shelving scheme
Item type Books
Holdings
Withdrawn status Lost status Source of classification or shelving scheme Damaged status Not for loan Permanent location Current location Date acquired Total Checkouts Full call number Barcode Date last seen Price effective from Koha item type
          UBT - Lipjan UBT - Lipjan 10/21/2015   336.33 FAB 002-008437 06/13/2017 10/21/2015 Books
UBT Library © 2015-2024. All rights reserved University Education for Business and Technology